Suomen kunnat 2014 - Statistics

Yleistilastot
  • Tätä visaa on pelattu 10 496 kertaa
  • Keskiarvotulos 166 / 304
Vastaustilastot
Maakunta Kunta % Oikein
Uusimaa Helsinki
94%
Uusimaa Espoo
93%
Pohjois-Pohjanmaa Oulu
91%
Pohjois-Pohjanmaa Ii
90%
Uusimaa Vantaa
90%
Pirkanmaa Tampere
89%
Lappi Kemi
88%
Pohjois-Savo Kuopio
88%
Varsinais-Suomi Turku
88%
Satakunta Pori
87%
Lappi Rovaniemi
87%
Päijät-Häme Lahti
86%
Pohjois-Karjala Joensuu
85%
Kymenlaakso Kotka
84%
Pohjanmaa Vaasa
84%
Lappi Inari
83%
Keski-Suomi Jyväskylä
83%
Kainuu Kajaani
82%
Kymenlaakso Kouvola
82%
Uusimaa Hanko
81%
Etelä-Karjala Lappeenranta
81%
Satakunta Rauma
81%
Lappi Tornio
81%
Pirkanmaa Akaa
80%
Kanta-Häme Hämeenlinna
80%
Keski-Pohjanmaa Kokkola
80%
Uusimaa Porvoo
80%
Pohjois-Savo Iisalmi
79%
Etelä-Savo Mikkeli
79%
Etelä-Pohjanmaa Seinäjoki
79%
Etelä-Karjala Imatra
78%
Lappi Enontekiö
76%
Kymenlaakso Hamina
75%
Uusimaa Kauniainen
74%
Uusimaa Kerava
74%
Etelä-Savo Savonlinna
74%
Uusimaa Hyvinkää
73%
Uusimaa Järvenpää
73%
Pohjois-Pohjanmaa Kuusamo
73%
Lappi Utsjoki
73%
Kanta-Häme Forssa
72%
Varsinais-Suomi Naantali
72%
Varsinais-Suomi Salo
72%
Uusimaa Lohja
71%
Lappi Salla
71%
Lappi Kittilä
70%
Etelä-Pohjanmaa Alajärvi
69%
Pirkanmaa Nokia
69%
Pohjois-Pohjanmaa Raahe
69%
Etelä-Pohjanmaa Alavus
68%
Päijät-Häme Heinola
68%
Keski-Suomi Jämsä
68%
Pohjois-Pohjanmaa Kalajoki
68%
Lappi Kemijärvi
68%
Kainuu Kuhmo
68%
Lappi Sodankylä
68%
Uusimaa Tuusula
68%
Pohjois-Savo Varkaus
68%
Satakunta Eura
67%
Etelä-Pohjanmaa Lapua
67%
Pohjois-Karjala Lieksa
67%
Lappi Pello
67%
Lappi Ranua
67%
Kanta-Häme Riihimäki
67%
Uusimaa Sipoo
67%
Keski-Suomi Äänekoski
66%
Päijät-Häme Asikkala
66%
Uusimaa Kirkkonummi
66%
Lappi Muonio
66%
Kainuu Sotkamo
66%
Päijät-Häme Hollola
65%
Pirkanmaa Lempäälä
65%
Uusimaa Loviisa
65%
Pohjois-Karjala Nurmes
65%
Pirkanmaa Orivesi
65%
Pirkanmaa Ylöjärvi
65%
Pohjois-Karjala Ilomantsi
64%
Varsinais-Suomi Kaarina
64%
Pohjois-Karjala Kitee
64%
Uusimaa Nurmijärvi
64%
Varsinais-Suomi Raisio
64%
Uusimaa Vihti
64%
Etelä-Pohjanmaa Ähtäri
63%
Pohjois-Pohjanmaa Kempele
63%
Päijät-Häme Orimattila
63%
Pohjois-Pohjanmaa Oulainen
63%
Uusimaa Raasepori
63%
Pirkanmaa Sastamala
63%
Varsinais-Suomi Uusikaupunki
63%
Uusimaa Askola
62%
Pirkanmaa Kangasala
62%
Uusimaa Karkkila
62%
Lappi Kolari
62%
Varsinais-Suomi Loimaa
62%
Pohjois-Savo Siilinjärvi
62%
Lappi Ylitornio
62%
Pohjois-Pohjanmaa Ylivieska
62%
Pohjois-Pohjanmaa Alavieska
61%
Varsinais-Suomi Aura
61%
Pohjois-Pohjanmaa Haapajärvi
61%
Etelä-Savo Juva
61%
Uusimaa Mäntsälä
61%
Pirkanmaa Ikaalinen
60%
Uusimaa Inkoo
60%
Etelä-Pohjanmaa Kauhava
60%
Lappi Keminmaa
60%
Keski-Suomi Keuruu
60%
Pohjanmaa Kristiinankaupunki
60%
Pohjanmaa Pietarsaari
60%
Lappi Posio
60%
Etelä-Pohjanmaa Ilmajoki
59%
Kanta-Häme Janakkala
59%
Etelä-Pohjanmaa Kurikka
59%
Pirkanmaa Mänttä-Vilppula
59%
Pirkanmaa Pirkkala
59%
Pohjois-Pohjanmaa Haapavesi
58%
Pohjois-Pohjanmaa Hailuoto
58%
Kymenlaakso Iitti
58%
Etelä-Pohjanmaa Kauhajoki
58%
Varsinais-Suomi Koski Tl
58%
Pohjanmaa Laihia
58%
Pohjois-Karjala Juuka
57%
Pohjois-Karjala Liperi
57%
Pohjois-Karjala Outokumpu
57%
Pohjois-Savo Tervo
57%
Pirkanmaa Virrat
57%
Satakunta Eurajoki
56%
Pirkanmaa Hämeenkyrö
56%
Etelä-Savo Heinävesi
56%
Kymenlaakso Pyhtää
56%
Keski-Suomi Saarijärvi
56%
Etelä-Savo Joroinen
55%
Satakunta Nakkila
55%
Etelä-Savo Pieksämäki
55%
Uusimaa Pornainen
55%
Lappi Savukoski
55%
Lappi Simo
55%
Uusimaa Siuntio
55%
Keski-Pohjanmaa Kaustinen
54%
Etelä-Pohjanmaa Lappajärvi
54%
Keski-Suomi Laukaa
54%
Varsinais-Suomi Lieto
54%
Keski-Suomi Muurame
54%
Päijät-Häme Nastola
54%
Varsinais-Suomi Parainen
54%
Pohjois-Pohjanmaa Pudasjärvi
54%
Kainuu Puolanka
54%
Pohjois-Pohjanmaa Pyhäjärvi
54%
Pohjois-Pohjanmaa Siikajoki
54%
Kainuu Suomussalmi
54%
Kainuu Vaala
54%
Etelä-Pohjanmaa Vimpeli
54%
Etelä-Pohjanmaa Evijärvi
53%
Kanta-Häme Jokioinen
53%
Pohjois-Savo Juankoski
53%
Pohjois-Savo Keitele
53%
Etelä-Pohjanmaa Kuortane
53%
Pohjois-Savo Lapinlahti
53%
Pohjois-Pohjanmaa Nivala
53%
Satakunta Ulvila
53%
Pirkanmaa Valkeakoski
53%
Keski-Suomi Viitasaari
53%
Etelä-Savo Enonkoski
52%
Keski-Suomi Hankasalmi
52%
Päijät-Häme Hartola
52%
Satakunta Huittinen
52%
Pohjois-Savo Kiuruvesi
52%
Keski-Suomi Pihtipudas
52%
Pohjois-Pohjanmaa Pyhäjoki
52%
Pohjois-Savo Suonenjoki
52%
Keski-Pohjanmaa Halsua
51%
Kanta-Häme Hattula
51%
Keski-Suomi Joutsa
51%
Pohjois-Savo Leppävirta
51%
Pohjois-Pohjanmaa Liminka
51%
Pohjois-Savo Maaninka
51%
Varsinais-Suomi Masku
51%
Kainuu Paltamo
51%
Etelä-Karjala Parikkala
51%
Pirkanmaa Parkano
51%
Pohjois-Savo Pielavesi
51%
Pohjois-Pohjanmaa Siikalatva
51%
Varsinais-Suomi Somero
51%
Keski-Pohjanmaa Veteli
51%
Satakunta Harjavalta
50%
Kainuu Hyrynsalmi
50%
Pohjois-Savo Kaavi
50%
Pohjanmaa Närpiö
50%
Pirkanmaa Pälkäne
50%
Pohjois-Savo Sonkajärvi
50%
Pohjois-Pohjanmaa Taivalkoski
50%
Etelä-Pohjanmaa Jalasjärvi
49%
Pohjois-Pohjanmaa Kärsämäki
49%
Pohjanmaa Kaskinen
49%
Etelä-Savo Puumala
49%
Pohjois-Karjala Tohmajärvi
49%
Kanta-Häme Ypäjä
49%
Etelä-Pohjanmaa Isojoki
48%
Keski-Suomi Uurainen
48%
Kymenlaakso Virolahti
48%
Satakunta Kankaanpää
47%
Keski-Suomi Karstula
47%
Keski-Suomi Kuhmoinen
47%
Pohjois-Pohjanmaa Lumijoki
47%
Pohjanmaa Mustasaari
47%
Uusimaa Myrskylä
47%
Kanta-Häme Tammela
47%
Pirkanmaa Urjala
47%
Satakunta Karvia
46%
Keski-Suomi Konnevesi
46%
Pohjois-Karjala Kontiolahti
46%
Uusimaa Lapinjärvi
46%
Etelä-Savo Mäntyharju
46%
Satakunta Merikarvia
46%
Kymenlaakso Miehikkälä
46%
Lappi Pelkosenniemi
46%
Pirkanmaa Ruovesi
46%
Satakunta Säkylä
46%
Lappi Tervola
46%
Pohjanmaa Uusikaarlepyy
46%
Varsinais-Suomi Kemiönsaari
45%
Satakunta Kokemäki
45%
Varsinais-Suomi Laitila
45%
Etelä-Karjala Luumäki
45%
Satakunta Luvia
45%
Päijät-Häme Padasjoki
45%
Etelä-Pohjanmaa Soini
45%
Pohjois-Karjala Valtimo
45%
Etelä-Savo Hirvensalmi
44%
Pohjanmaa Korsnäs
44%
Varsinais-Suomi Kustavi
44%
Pohjois-Pohjanmaa Pyhäntä
44%
Pohjois-Savo Rautalampi
44%
Pohjois-Savo Rautavaara
44%
Päijät-Häme Sysmä
44%
Etelä-Karjala Lemi
43%
Pohjois-Savo Tuusniemi
43%
Pohjois-Pohjanmaa Utajärvi
43%
Pohjois-Savo Vieremä
43%
Pirkanmaa Juupajoki
42%
Satakunta Köyliö
42%
Keski-Suomi Kyyjärvi
42%
Satakunta Lavia
42%
Keski-Suomi Multia
42%
Pohjois-Karjala Rääkkylä
42%
Keski-Suomi Toivakka
42%
Pohjois-Savo Vesanto
42%
Pohjanmaa Vöyri
42%
Kanta-Häme Loppi
41%
Pohjanmaa Maalahti
41%
Pohjanmaa Pedersören kunta
41%
Pohjois-Karjala Polvijärvi
41%
Kainuu Ristijärvi
41%
Pohjois-Pohjanmaa Sievi
41%
Etelä-Karjala Taipalsaari
41%
Etelä-Savo Rantasalmi
40%
Varsinais-Suomi Pöytyä
39%
Pohjanmaa Isokyrö
38%
Etelä-Savo Kangasniemi
38%
Pohjois-Pohjanmaaa Merijärvi
38%
Etelä-Karjala Rautjärvi
38%
Etelä-Karjala Savitaipale
38%
Kanta-Häme Humppila
37%
Keski-Pohjanmaa Kannus
37%
Pohjois-Pohjanmaa Muhos
37%
Varsinais-Suomi Paimio
37%
Etelä-Pohjanmaa Karijoki
36%
Pohjanmaa Kruunupyy
36%
Etelä-Savo Pertunmaa
36%
Varsinais-Suomi Sauvo
36%
Satakunta Siikainen
36%
Kanta-Häme Hausjärvi
35%
Pohjanmaa Luoto
35%
Uusimaa Pukkila
35%
Keski-Pohjanmaa Lestijärvi
34%
Varsinais-Suomi Oripää
34%
Etelä-Savo Sulkava
34%
Varsinais-Suomi Mynämäki
33%
Etelä-Pohjanmaa Teuva
33%
Keski-Suomi Luhanka
32%
Varsinais-Suomi Taivassalo
32%
Satakunta Jämijärvi
31%
Pirkanmaa Punkalaidun
31%
Pohjois-Pohjanmaa Reisjärvi
31%
Päijät-Häme Hämeenkoski
30%
Keski-Pohjanmaa Perho
30%
Satakunta Pomarkku
30%
Varsinais-Suomi Rusko
30%
Keski-Pohjanmaa Toholampi
30%
Pirkanmaa Kihniö
29%
Keski-Suomi Kinnula
29%
Varsinais-Suomi Marttila
29%
Varsinais-Suomi Pyhäranta
29%
Pohjois-Pohjanmaa Tyrnävä
29%
Satakunta Honkajoki
27%
Päijät-Häme Kärkölä
27%
Etelä-Karjala Ruokolahti
27%
Keski-Suomi Kannonkoski
25%
Keski-Suomi Kivijärvi
25%
Varsinais-Suomi Nousiainen
25%
Varsinais-Suomi Vehmaa
24%
Pirkanmaa Vesilahti
22%
Keski-Suomi Petäjävesi
20%
Varsinais-Suomi Tarvasjoki
14%
Ehtoja vastaavia visoja ei löytynyt
Tulosjakauma
Jokaisen tuloksen saaneiden osuus
Persentiili vastausten määrän mukaan
Tuloshistoriasi
Et ole pelannut tätä visaa